00242nam a2200097Ia 4500008004100000041000800041100001600049245002500065260003500090999001900125241105s9999 xx 000 0 und d aeng aPatil Pooja aCultural Centre Pune bFinal Year B. Arch, BNCAc2014 c360877d360877